000 00665nam a2200205Ii 4500
003 JO-AjNU
008 230605s9999||||xx |||||||||||||| ||und||
040 _aJO-AjNU
_bara
_erda
_cJO-AjNU
041 _aara
050 1 4 _aND1135.1995
100 3 _aغتينغز، فريد تأليف؛ اسدي حسن، توفيق مترجم,
_eauthor
_937466
245 0 0 _aفنون الرسم والتلوين
250 _aط3
264 3 1 _aحلب:جامعة حلب,1995
300 _a189ص
336 _atext
_btxt
_2rdacontent
337 _aunmediated
_bn
_2rdamedia
338 _avolume
_bnc
_2rdacarrier
650 4 _aالفن-فنون الرسم والتلوين
_937467
999 _aA15657
_c19225
_d19225